Statistics for NFL Teams with least Home Playoff Games

Click here to take the quiz!

General Stats

  • This quiz has been taken 27 times
    (4 since last reset)
  • The average score is 7 of 9

Answer Stats

# of GamesNFL Team% Correct
4Arizona Cardinals
100%
4Jacksonville Jaguars
100%
6Houston Texans
100%
7Carolina Panthers
100%
7New York Jets
100%
2Detroit Lions
67%
7Baltimore Ravens
67%
9Atlanta Falcons
67%
8Tampa Bay Buccaneers
33%

Score Distribution

Percentile by Number Answered

Percent of People with Each Score

Your Score History

You have not taken this quiz since the last reset